000 00319nam a22001337a 4500
008 170329b xxu||||| |||| 00| 0 eng d
020 _a9780763744144
041 _aeng
080 _24 ED
_a616-053.2
100 _a8
101 _aSHM
245 _aTHE PEDIATRIC EMERGENCY MEDICINE RESOURCE
_cHILL.G.M
942 _2udc
_cBK
999 _c8927
_d8927